[Event "Jarvenpaa SK WE op"]
[Site "Jarvenpaa"]
[Date "2019.09.29"]
[Round "7"]
[White "Laakso, Harri"]
[Black "Di Candia, Roberto"]
[Result "1-0"]
[WhiteElo "2165"]
[BlackElo "1941"]
[PlyCount "99"]
[EventDate "2019.09.27"]
[EventType "swiss"]
[EventRounds "7"]
[EventCountry "FIN"]
[SourceTitle "EXT 2021"]
[Source "ChessBase"]
[SourceDate "2020.10.23"]
[SourceVersion "1"]
[SourceVersionDate "2020.10.23"]
[SourceQuality "1"]

1. e4 c5 2. c3 g6 3. d4 cxd4 4. cxd4 d5 5. e5 Bg7 6. Nc3 Nc6 7. Bb5 f6 8. exf6 Nxf6 9. h3 0-0 10. Nf3 Qd6 11. 0-0 Nh5 12. Ne5 Nf4 13. Re1 Qf6 14. Be3 Bxh3 15. g3 Nxe5 16. dxe5 Qg5 17. Qd2 Bxe5 18. Ne2 Nxe2+ 19. Bxe2 Qf5 20. Qxd5+ Qe6 21. Qe4 Bf5 22. Bc4 Bxe4 23. Bxe6+ Kg7 24. Bc1 Rxf2 25. Kxf2 Rf8+ 26. Kg1 Bd4+ 27. Be3 Bxb2 28. Rad1 Bc6 29. Rf1 Rf6 30. Rxf6 Kxf6 31. Bd5 Bxd5 32. Rxd5 Ke6 33. Rb5 Be5 34. Kg2 b6 35. a4 Bc7 36. Kf3 a6 37. Rb1 b5 38. axb5 axb5 39. Rxb5 Bd6 40. g4 h5 41. gxh5 gxh5 42. Rxh5 Bb4 43. Ke4 Ba3 44. Rh6+ Kf7 45. Kf5 Bb2 46. Rh7+ Ke8 47. Ke6 Bc3 48. Rxe7+ Kd8 49. Bf4 Be1 50. Rb7 1-0

[Event "Berlin-ch QT"]
[Site "Berlin"]
[Date "2019.04.23"]
[Round "4"]
[White "Gros, Dirk"]
[Black "Di Candia, Roberto"]
[Result "1/2-1/2"]
[WhiteElo "2023"]
[BlackElo "1920"]
[PlyCount "94"]
[EventDate "2019.04.20"]
[EventType "swiss"]
[EventRounds "9"]
[EventCountry "GER"]
[SourceTitle "EXT 2020"]
[Source "ChessBase"]
[SourceDate "2019.10.17"]
[SourceVersion "1"]
[SourceVersionDate "2019.10.17"]
[SourceQuality "1"]

1. d4 Nf6 2. c4 e6 3. Nf3 Bb4+ 4. Bd2 Qe7 5. Qc2 Nc6 6. a3 Bxd2+ 7. Nbxd2 a5 8. e3 d6 9. Bd3 0-0 10. 0-0 e5 11. dxe5 dxe5 12. Ng5 h6 13. Nge4 Nxe4 14. Bxe4 Be6 15. Bd5 Nd8 16. Nf3 c6 17. Bxe6 Qxe6 18. Qc3 f6 19. Rfd1 Nf7 20. c5 Rfd8 21. Rxd8+ Nxd8 22. Rd1 e4 23. Rd6 Qa2 24. Nd2 Nf7 25. Rd4 Re8 26. h4 Re7 27. Kh2 f5 28. Nb3 Kh7 29. Nxa5 Qe6 30. Nc4 Qf6 31. g3 g5 32. hxg5 Qxg5 33. Qd2 Qh5+ 34. Kg2 Ng5 35. Kf1 Qh1+ 36. Ke2 Qf3+ 37. Kf1 Qh1+ 38. Ke2 Qh5+ 39. Kf1 Qh3+ 40. Ke2 Qg4+ 41. Kf1 Qh3+ 42. Ke2 Nf3 43. Qc3 Qh5 44. Kf1 Nxd4 45. Qxd4 Qf7 46. Nd6 Qe6 47. Qb4 Qd5 1/2-1/2

[Event "Lucca op 20th"]
[Site "Lucca"]
[Date "2008.10.12"]
[Round "5"]
[White "Frugoli, Francesco"]
[Black "Di Candia, Roberto"]
[Result "1-0"]
[WhiteElo "2161"]
[BlackElo "1840"]
[PlyCount "83"]
[EventDate "2008.10.04"]
[EventType "swiss"]
[EventRounds "6"]
[EventCountry "ITA"]
[SourceTitle "EXT 2011"]
[Source "ChessBase"]
[SourceDate "2010.11.26"]
[SourceVersion "1"]
[SourceVersionDate "2010.11.26"]
[SourceQuality "1"]

1. e4 d6 2. d4 Nf6 3. Nc3 c6 4. f4 Qa5 5. e5 Ne4 6. Qf3 d5 7. Bd3 Na6 8. Nge2 Nb4 9. 0-0 Nxd3 10. cxd3 Nxc3 11. bxc3 g6 12. Bd2 h5 13. Be1 Bf5 14. Ng3 Bg4 15. Qe3 h4 16. h3 Be6 17. f5 gxf5 18. Nxf5 Rh5 19. Nxh4 Bh6 20. Qf3 Rxh4 21. Bxh4 Qxc3 22. Bf2 0-0-0 23. Be3 Bg7 24. Rfd1 f6 25. Rac1 Qb4 26. Rb1 Qa4 27. Bf2 fxe5 28. dxe5 Rg8 29. d4 Qc2 30. Rdc1 Qe4 31. Qxe4 dxe4 32. Be3 Bf8 33. g4 Bd5 34. a4 e6 35. Kg2 Be7 36. Rf1 Rg7 37. Kg3 Bg5 38. Bxg5 Rxg5 39. Rf7 c5 40. h4 Rg8 41. dxc5 e3 42. Re1 1-0